| 000 | 00791nam a2200229 u 4500 | ||
|---|---|---|---|
| 005 | 20210223131943.0 | ||
| 008 | 121116s2006 es r 000 0 spa d | ||
| 020 | _a8424118219 | ||
| 035 | _aUPN01000188679 | ||
| 049 | _aI | ||
| 050 | 4 |
_aE101 _bM3.3 |
|
| 100 | 1 |
_aMaestro, Betsy _933651 |
|
| 245 | 1 | 3 |
_aEl descubrimiento de las Américas / _cBesty y Giulio Maestro ; tr. Juan González Alvaro. |
| 260 |
_aLeón, Esp. : _bEverest, _c2006. |
||
| 300 |
_a48 p. : _bil. col. |
||
| 534 |
_pTítulo original: _tThe discovery of the Americas |
||
| 650 | 4 |
_aEXPLORADORES - _zAMERICA - _xHISTORIA - _vLITERATURA JUVENIL _921976 |
|
| 651 | 4 |
_aAMERICA - _xDESCUBRIMIENTO Y EXPLORACION - _vLITERATURA INFANTIL _920339 |
|
| 700 | 1 |
_aMaestro, Giulio, _ecoaut. |
|
| 905 | _aInfantil | ||
| 999 |
_c160782 _d160782 |
||